Implementación del proceso de educación y apoyo a la gestión ambiental en los corregimientos: (Registro nro. 16627)

Detalles MARC
000 -CABECERA
Campo de control 007980000a22001930004500
005 - FECHA Y HORA DE LA ULTIMA TRANSACCION
Campo de control 20200104041725.0
008 - ELEMENTOS DE LONGITUD FIJA—INFORMACION GENERAL
Campo de control 170207b xxu||||| |||| 00| 0 spa d
040 ## - FUENTE DE CATALOGACIÓN
Agencia catalogadora original CO-BoIAVH
Agencia transcriptora CO-BoIAVH
041 ## - IDIOMA
Código de idioma para texto/pista de sonido o título separado Español
090 ## - CLASIFICACIÓN LOCAL
Colección MM
Consecutivo 00243
245 00 - MENCION DE TITULO
Título Implementación del proceso de educación y apoyo a la gestión ambiental en los corregimientos:
Version San Cristóbal, Altavista, San Antonio de Prado, Santa Elena y San Sebastián de Palmitas del Municipio de Medellin.
257 ## - PAIS DE LA ENTIDAD PRODUCTORA DE FILMES DE ARCHIVO
País de la entidad productora Colombia
264 ## - Producción, Publicación, Distribución, Fabricación y Aviso de copyright
Lugar de producción, publicación, etc Medellín:
Nombre del productor, editor, etc. Corantioquia,
Fecha de la producción, publicación, etc. s.f.
300 ## - DESCRIPCION FISICA
Otros detalles físicos CD-ROM
Extensión 1
500 ## - NOTA GENERAL
Nota general Localización -- Reseña histórica -- Bienes patrimoniales -- Relatos populares -- Atractivos populares -- Álbum fotográfico
650 14 - ASIENTO SECUNDARIO DE MATERIA - TERMINO TEMATICO
Término temático o nombre geográfico como elemento de entrada Educación ambiental
650 14 - ASIENTO SECUNDARIO DE MATERIA - TERMINO TEMATICO
Término temático o nombre geográfico como elemento de entrada Municipios
942 ## - ELEMENTOS ADICIONALES (KOHA)
Tipo de ítem CD-ROM
Sistema de clasificación Local
Existencias
Withdrawn status Lost status Sistema de Clasificación Damaged status No para préstamo Colección Ubicación Permanente Ubicación actual Fecha de adquisición Total Checkouts Número topográfico Inventario / Código de Barras Date last seen Ejemplar Price effective from Tipo de material
    Local     Audiovisual Bogotá Bogotá 07/02/2017   MM-00243 023248 25/03/2015 Ej. 1 25/03/2015 CD-ROM